000 00571nam a2200181Ia 4500
001 19679
005 20260306172710.0
008 260306t2023||||xx |||||||||||||| ||spa||
041 _aESP
082 _a341
_bC265
100 _aConcha Flores, Luis Fernando,
_eAUT
245 0 _aDerecho e inteligencia artificial... ¿o artificiosa? :
_bel voluntarismo tecnológico y sus aporías jurídicas (Estudios sobre filosofía del derecho y tecnología)
260 _c2023
300 _a114 páginas :
_c21 cm.
650 _aGEN
654 _aCDE
942 _cLIB
_dJUS
_fJUS
_2ddc
_n
999 _c19679
_d19679